000 00559nam a22002177a 4500
001 86103
003 UA-OsUOA
005 20211024223258.0
007 ta
008 20120827b un ||||| |||| 00| 0 ukr d
040 _aUA-OsUOA
_brus
_cUA-OsUOA
_dUA-OsUOA
041 _arus
080 _a94(47+57)
090 _a94(47+57)
_bП31
245 _aПетроградский военно-революционный комитет
260 _aМ.
_bНаука
_c1967
300 _a741 с.
650 7 _a94 Історія
_2UDC
942 _cBK
_2udc
955 _a5
999 _c372397
_d372397